Magnetic components : (Record no. 172212)

MARC details
000 -LEADER
fixed length control field 01013nam a22002657a 4500
003 - CONTROL NUMBER IDENTIFIER
control field OSt
005 - DATE AND TIME OF LATEST TRANSACTION
control field 20250818105508.0
008 - FIXED-LENGTH DATA ELEMENTS--GENERAL INFORMATION
fixed length control field 250710b |||||||| |||| 00| 0 eng d
020 ## - INTERNATIONAL STANDARD BOOK NUMBER
International Standard Book Number 9783658372057 (Paperback)
Terms of availability USD57.00
040 ## - CATALOGING SOURCE
Original cataloging agency NUST
Language of cataloging eng
Transcribing agency NUST
Modifying agency NUST
Description conventions rda
050 ## - LIBRARY OF CONGRESS CALL NUMBER
Classification number TK1001 ZAC
100 ## - MAIN ENTRY--PERSONAL NAME
Personal name Zacharias, Peter
Relator term Author
245 ## - TITLE STATEMENT
Title Magnetic components :
Remainder of title basics and applications /
Statement of responsibility, etc. Peter Zacharias.
260 ## - PUBLICATION, DISTRIBUTION, ETC.
Place of publication, distribution, etc. [Germany] :
Name of publisher, distributor, etc. Springer,
Date of publication, distribution, etc. ©2022
300 ## - PHYSICAL DESCRIPTION
Extent xiv, 806 pages :
Other physical details Illustrations ;
Dimensions 25 cm.
336 ## - CONTENT TYPE
Source rdamedia
Content type term text
Content type code txt
337 ## - MEDIA TYPE
Source rdamedia
Media type term unmediated
Media type code n
338 ## - CARRIER TYPE
Source rdamedia
Carrier type term volume
Carrier type code nc
440 ## - SERIES STATEMENT/ADDED ENTRY--TITLE
Title Magnetic components
504 ## - BIBLIOGRAPHY, ETC. NOTE
Bibliography, etc. note Includes bibliographical references and index.
650 ## - SUBJECT ADDED ENTRY--TOPICAL TERM
Form subdivision TECHNOLOGY and ENGINEERING Electronics General.
650 ## - SUBJECT ADDED ENTRY--TOPICAL TERM
Form subdivision TECHNOLOGY and ENGINEERING Electronics Circuits General.
650 ## - SUBJECT ADDED ENTRY--TOPICAL TERM
Form subdivision Generation, modification, storage, transmission of electric power.
942 ## - ADDED ENTRY ELEMENTS (KOHA)
Source of classification or shelving scheme Library of Congress Classification
Koha item type Ordinary Loan Books
Classification part TK1001 ZAC
Call number prefix TK
Call number suffix ZAC
Suppress in OPAC No
Holdings
Withdrawn status Lost status Source of classification or shelving scheme Damaged status Not for loan Collection Home library Current library Shelving location Date acquired Source of acquisition Cost, normal purchase price Total Checkouts Full call number Barcode Date last seen Accession number Cost, replacement price Price effective from Koha item type Public note
    LCC     NFIC MAIN MAIN GEN 07/10/2025 Book Aid International 57.00   TK1001 ZAC 92004054387 07/10/2025 61513 57.00 07/10/2025 BOOKS Donation